Oeuvres complètes: critique religieuse
Kaydedildi:
| Yazar: | |
|---|---|
| Materyal Türü: | Kitap |
| Dil: | Fransızca |
| Baskı/Yayın Bilgisi: |
Brujas
Desclée de Brouwer
1968
|
| Seri Bilgileri: | Bibliothèque Européenne
|
| Konular: | |
| Etiketler: |
Etiketle
Etiket eklenmemiş, İlk siz ekleyin!
|
MARC
| LEADER | 00000nam a2200000 a 4500 | ||
|---|---|---|---|
| 001 | UCZ5307 | ||
| 003 | CL-VaPUC | ||
| 008 | 951117e19680000BE |||||||||||||||||fre|d | ||
| 082 | 0 | 4 | |a 201 |b GUI |2 21 |
| 100 | |a Guitton, Jean |e author |9 597295 | ||
| 245 | 1 | 0 | |a Oeuvres complètes: critique religieuse |
| 300 | |a v | ||
| 942 | |c BK | ||
| 945 | |d 19951117 00:00:00 |a lriquelm | ||
| 260 | |a Brujas |b Desclée de Brouwer |c 1968 | ||
| 650 | 0 | |a Filosofía cristiana |9 265980 | |
| 650 | 0 | |a Religión |9 255164 | |
| 650 | 0 | |a Teología |9 258766 | |
| 650 | 0 | |a Iglesia |9 255004 | |
| 650 | 0 | |a Mitología |9 255719 | |
| 583 | |a last modification |c 19951117 00:00:00 |k Rodrigo Vera | ||
| 490 | 0 | |a Bibliothèque Européenne | |
| 999 | |c 241626 |d 241624 | ||
| 952 | |0 0 |1 0 |4 0 |6 201_000000000000000_GUI_1968 |7 0 |8 P |9 254004 |a BIBEDU |b BIBEDU |c BIBEDU_PB |d 2019-11-19 |h v.2 |i 1571133 |o 201 GUI 1968 |p 1571133 |r 2024-01-25 |w 2019-11-19 |y BK |k FIL | ||